00814nam a2200205 a 450000100100000000500170001000800410002704000250006808200200009324501300011326000520024330000280029565000260032365000280034970000440037770000370042104900090045895201240046799900170059100002284220200930021829.0101119s1988 cu a r 000 p spa d aDO-SdBNPbspacBNPHU aCu861.44bP221v01aPara vivir como tú vives /cselección de poemas y aviso, Waldo González López ; edición Carina Pino-Santos Navarro. aLa Habana, (Cuba) :bEditora Política,c1988. a124 p. :bil. ;c17 cm. 4aPoesía cubana95226 4aLiteratura cubana914831 aPino-Santos Navarro, Carinaeed.9469461 aGonzález López, Waldo946947 aBNGR 001054708MOaGRbGRcCTd2010-11-19iLF1l0oCu861.44 P221vp22842-10r2020-06-25w2020-06-25y4ZPréstamo en sala c22339d22339